000 00547nam a22001817a 4500
999 _c190364
_d190364
005 20220722144602.0
010 _aENG-133863
020 _a978-81-7824-523-2
_c395.00
035 _aEN-117395
037 _bDBAD/PUB
082 _a330.954
100 _aJean Dreze
245 _aSense and Solidarity/
_cJean Dreze
260 _aRanikher
_bPermanent Black
_c2017
270 _aMimalayana, Mall Road, Ranikher Cantt.
_bRanikher
_e263645
300 _a343p.
_c19cm(pbk)
_bName Index, Subject Index
942 _2ddc
_cEN
_h330.954
_mJEA